<?xml version="1.0" encoding="UTF-8"?>
<collection xmlns="http://www.loc.gov/MARC21/slim">
 <record>
  <leader>00724cam a2200181 7i4500</leader>
  <controlfield tag="001">0000006131</controlfield>
  <controlfield tag="005">20050426090000.0</controlfield>
  <datafield tag="020" ind1="0" ind2="0">
   <subfield code="a">9718709304 </subfield>
  </datafield>
  <datafield tag="090" ind1="0" ind2="0">
   <subfield code="a">SH 171 </subfield>
   <subfield code="b">A832</subfield>
  </datafield>
  <datafield tag="245" ind1="0" ind2="0">
   <subfield code="a">Asian fish health bibliography and abstracts I : </subfield>
   <subfield code="b">Southeast Asia  </subfield>
   <subfield code="c">edited J.R. Arthur.</subfield>
  </datafield>
  <datafield tag="260" ind1="0" ind2="0">
   <subfield code="a">Manila: </subfield>
   <subfield code="b">Fish Health Section Asian Fisheries Society, </subfield>
   <subfield code="c">1992.</subfield>
  </datafield>
  <datafield tag="300" ind1=" " ind2=" ">
   <subfield code="a">252p.; </subfield>
   <subfield code="c">28cm.</subfield>
  </datafield>
  <datafield tag="490" ind1="0" ind2="0">
   <subfield code="a">Fish health section special publication; </subfield>
   <subfield code="v">no. 1</subfield>
  </datafield>
  <datafield tag="650" ind1="0" ind2="0">
   <subfield code="a">Fishes -- </subfield>
   <subfield code="x">Diseases -- </subfield>
   <subfield code="x">Bibliography. -- </subfield>
   <subfield code="z">Asia, Southeastern </subfield>
  </datafield>
  <datafield tag="700" ind1="1" ind2="1">
   <subfield code="a">Arthur, </subfield>
   <subfield code="h">J. R. </subfield>
  </datafield>
  <datafield tag="710" ind1="2" ind2="1">
   <subfield code="a">International Development Research Centre (Canada). </subfield>
  </datafield>
  <datafield tag="710" ind1="2" ind2="1">
   <subfield code="a">Asian Fisheries Society.Fish Health Section. </subfield>
  </datafield>
  <datafield tag="999" ind1=" " ind2=" ">
   <subfield code="a">1000388171</subfield>
   <subfield code="b">Book</subfield>
   <subfield code="c">Bibliografi</subfield>
   <subfield code="e">KOLEKSI RUJUKAN</subfield>
  </datafield>
 </record>
</collection>
